MARC

LEADER 00000nam0a2200000 4500
001 350044
005 20231102010249.0
035 |a (RuTPU)RU\TPU\retro\3529 
035 |a RU\TPU\retro\3526 
090 |a 350044 
100 |a 20181108d1951 km y0rusy50 ca 
101 0 |a rus 
102 |a RU 
105 |a y z 000zy 
200 1 |a Рецензия на книгу Г. К. Тушинского "Лавины"  |e [оттиск статьи]  |f В. А. Обручев  |g Академия наук СССР (АН СССР) 
210 |a Москва  |c Издательство Академии наук СССР  |d 1951 
215 |a с. 153-154 
225 1 |a Известия Академии наук СССР  |e Серия геологическая  |h № 1 
316 |5 63413507: ШкА/623  |a На обложке дарственная надпись "В библиотеку Политехнического Института от автора" 
606 1 |a Снежные лавины  |2 stltpush  |3 (RuTPU)RU\TPU\subj\55389  |9 73425 
610 1 |a рецензии 
610 1 |a горные страны 
610 1 |a снежные обвалы 
610 1 |a описания 
610 1 |a решения 
610 1 |a полевые исследования 
610 1 |a лавинообразование 
610 1 |a обзоры литературы 
610 1 |a исторические аспекты 
610 1 |a понятийный аппарат 
610 1 |a возникновение 
610 1 |a режимы 
610 1 |a характеристики 
610 1 |a меры защиты 
610 1 |a рекомендации 
610 1 |a прогнозирование 
610 1 |a выводы 
610 1 |a оттиски 
610 1 |a дарственные надписи 
610 1 |a коллекция В. А. Обручева 
675 |a 551.578.48  |v 4 
700 1 |a Обручев  |b В. А.  |c российский геолог  |c профессор Томского технологического института  |c исследователь Сибири, Центральной и Средней Азии  |c географ  |f 1863-1956  |g Владимир Афанасьевич  |2 stltpush  |3 (RuTPU)RU\TPU\pers\996 
712 0 2 |a Академия наук СССР (АН СССР)  |c (Ленинград/Москва)  |c (1925-1991)  |2 stltpush  |3 (RuTPU)RU\TPU\col\722 
801 1 |a RU  |b 63413507  |c 20180926 
801 2 |a RU  |b 63413507  |c 20181219  |g RCR 
942 |c BK